000 00635nam a2200217Ia 4500
003 GCL
008 140319s9999 xx 000 0 ara d
020 _a977276119x
040 _aGCL /
_cGCL
082 0 4 _a370.15
_bك ا
100 1 _aكمال زاخر
245 1 0 _aاعرف نفسك كى تعرف ابنك /
_cكمال زاخر
260 _aالقاهرة :
_bمكتبة العرب ،
_c1995
300 _a80 ص ؛
_c24 سم
490 _aرسائل الى الاباء
_v0
650 0 4 _aالاسرة
650 0 4 _aالتعليم
650 0 4 _aالتربية
650 0 4 _aالاباء والابناء
942 _2ddc
_cBK
999 _c49401
_d49401